| 000 | 00524nam a22001937a 4500 | ||
|---|---|---|---|
| 003 | OSt | ||
| 005 | 20140310181803.0 | ||
| 008 | 130704t xxu||||| |||| 00| 0 eng d | ||
| 020 | _a9780-877795308 | ||
| 050 |
_aPE 1628 _b.M568 2006 |
||
| 082 |
_aREF 423 _bM55 2007 |
||
| 245 | _aMerriam-webster's pocket dictionary. | ||
| 260 |
_aMassachusetts _bMerriam-Webster, Incorporated, _cc2006. |
||
| 300 |
_a407 p. _c13 cm. |
||
| 521 | _aBasic Ed. Students | ||
| 541 | _j1 | ||
| 562 | _e1 | ||
| 942 |
_2lcc _cBK-GR _kREF |
||
| 999 |
_c3716 _d3716 |
||